Comuni della Provincia di Chieti - Statistics

Statistiche generali
  • Questo quiz è stato fatto 50 volte
  • Il punteggio medio è 49 su 104
Statistiche sulle risposte
Comune % Corretto
Chieti
89%
Lanciano
79%
Vasto
79%
Ari
74%
Ortona
74%
San Salvo
74%
San Vito Chietino
74%
Arielli
68%
Atessa
68%
Casalbordino
68%
Castiglione Messer Marino
68%
Civitella Messer Raimondo
68%
Fossacesia
68%
Gessopalena
68%
Archi
63%
Casalanguida
63%
Castel Frentano
63%
Gissi
63%
Altino
58%
Bomba
58%
Canosa Sannita
58%
Casacanditella
58%
Casalincontrada
58%
Castelguidone
58%
Crecchio
58%
Dogliola
58%
Fara Filiorum Petri
58%
Francavilla al Mare
58%
Guardiagrele
58%
Torino di Sangro
58%
Borrello
53%
Bucchianico
53%
Casoli
53%
Colledimezzo
53%
Cupello
53%
Fallo
53%
Fara San Martino
53%
Fresagrandinaria
53%
Mozzagrogna
53%
Palena
53%
Rocca San Giovanni
53%
San Giovanni Teatino
53%
Tollo
53%
Carunchio
47%
Civitaluparella
47%
Colledimacine
47%
Fraine
47%
Frisa
47%
Furci
47%
Guilmi
47%
Orsogna
47%
Roccamontepiano
47%
Roccascalegna
47%
Carpineto Sinello
42%
Gamberale
42%
Lettopalena
42%
Perano
42%
Pretoro
42%
Roccaspinalveti
42%
Sant'Eusanio del Sangro
42%
Schiavi di Abruzzo
42%
Tornareccio
42%
Torrebruna
42%
Torricella Peligna
42%
Vacri
42%
Villa Santa Maria
42%
Filetto
37%
Lentella
37%
Liscia
37%
Miglianico
37%
Montazzoli
37%
Montebello sul Sangro
37%
Montenerodomo
37%
Monteodorisio
37%
Paglieta
37%
Palmoli
37%
Palombaro
37%
Pennadomo
37%
Pennapiedimonte
37%
Pizzoferrato
37%
Poggiofiorito
37%
Pollutri
37%
Rapino
37%
Ripa Teatina
37%
Rosello
37%
San Buono
37%
San Giovanni Lipioni
37%
Santa Maria Imbaro
37%
Torrevecchia Teatina
37%
Tufillo
37%
Villamagna
37%
Lama dei Peligni
32%
Monteferrante
32%
Montelapiano
32%
Pietraferrazzana
32%
Quadri
32%
Roio del Sangro
32%
Scerni
32%
Treglio
32%
Villalfonsina
32%
Taranta Peligna
26%
San Martino sulla Maruccina
16%
Celenza sul Trgno
11%
Giuliano Terme
5%
Nessun quiz corrispondente trovato
Distribuzione punteggi
Percentuale di utenti per punteggio
Percentile per numero di risposta
I tuoi punteggi nel tempo
Non hai fatto questo quiz